| 000 | 00568nam a2200181 i 4500 | ||
|---|---|---|---|
| 001 | 77403 | ||
| 003 | ES-MaACL | ||
| 005 | 20230906173206.0 | ||
| 007 | t| | ||
| 008 | 041008s1967 sp ||||1| spa d | ||
| 100 | 1 |
_aHamman, Adalbert G. _961673 |
|
| 245 | 1 | 3 |
_aLa oración / _cA. Hamman ; [versión de Daniel Ruiz Bueno]. |
| 260 |
_aBarcelona : _bHerder, _c1967. |
||
| 300 |
_a2 v. (861 p.) ; _c22 cm. |
||
| 505 | 8 | _aContiene: I. El Nuevo Testamento. -- II. Los tres primeros siglos | |
| 700 | 1 |
_aRuiz Bueno, Daniel. _9100677 |
|
| 852 |
_aES-MaACL _jC-32599 _bR.63276 |
||
| 999 |
_c77403 _d77403 |
||